1376 1039 1425 1272 1982 1175 1536 1792 1773 1286 1888 1050 1662 1759 1398 1066 1758 1870 1072 1901 1348 1344 1844 1064 1059 1921 1646 1754 1157 1708 1760 1329 1882 1701 1341 1007 1676 1573 1487 1136 1989 1494 1028 1942 1760 1742 1425 1038 1270 1260 1339 1299 1620 1536 1509 1654 1729 1131 1395 1945 1723 1675 1758 1453 1452 1639 1982 1807 1810 1708 1013 1817 1509 1500 1020 1058 1130 1891 1447 1916 1057 1690 1492 1639 1839 1621 1709 1595 1385 1121 1540 1148 1914 1558 1381 1260 1028 1477 1447 BCNSPRNW ULIB Ver.6.0+V

เปลี่ยนเป็นภาษาไทย

Change to English
 แสดงรายละเอียดบรรณานุกรม
  กลับหน้าหลัก

Brief Record : Get Marc (ISO 2709) : E-mail record : QR code < ปิดหน้าต่าง
LEADER : 00000nam 2200000uu 4500
001    13399114824
003     ULIB
008    020711s2543 th a 000 0 eng d
060  4 WD220^bน139ก
100    นงนุช โอบะ
245    ^aการพยาบาลผู้ที่เสียสมดุลน้ำอิเล็กโตรไลท์/^cนงนุช โอบะ
260    พิษณุโลก ^bมหาวิทยาลัยนเรศวร,^c2543
300    112 หน้า
650  0 ภาวะเสียสมดุลน้ำ
710 1  มหาวิทยาลัยนเรศวร.^bโครงการจัดตั้งคณะพยาบาลศาสตร์
945    ^p0^l0^i012005
995    ทศพร
999 ^a ทศพร
รายการนี้ยังไม่มีแท็ก
คุณยังไม่ได้ล็อกอิน คุณสามารถมีกิจกรรมร่วมกับเว็บไซต์ได้ แต่ต้องล็อกอินก่อน ::
  ล็อกอิน

รายการสื่อสารสนเทศ

ลำดับที่ ประเภท เลขเรียก/บาร์โค้ด สถานที่ สถานะ
- ไม่พบข้อมูล -

รายการใกล้เคียง
    ผู้แต่ง [นงนุช โอบะ]

BibComment


ยังไม่เคยถูกคอมเมนท์

คอมเมนท์ทรัพยากรรายการนี้
  คอมเมนท์: การพยาบาลผู้ที่เ..


 Copyright 2026. Bcnsprnw @Library